Capitales du monde sur Carte - Statistiques

Statistiques générales
  • Ce quiz a été pris 3 848 fois
  • Le résultat moyen est 115 sur 196
Réponses sur la Carte
Les réponses sont colorées sur une échelle allant du rouge au vert en fonction du pourcentage des utilisateurs qui les ont devinées à leur premier essai. Vous pouvez retrouver ces pourcentages ci-dessous.
 
Statistiques - réponses
Pays % Correct
Paris
96%
Madrid
94%
Berlin
93%
Londres
93%
Moscou
93%
Rome
93%
Lisbonne
92%
Washington
92%
Bruxelles
91%
Mexico
91%
Dublin
90%
Kiev
90%
Tokyo
90%
Athènes
89%
Pékin
89%
Alger
88%
Amsterdam
88%
Berne
88%
Brasilia
88%
Ottawa
88%
Luxembourg
87%
Oslo
87%
Vienne
87%
Varsovie
86%
Budapest
85%
Copenhague
85%
Helsinki
85%
Le Caire
85%
New Delhi
85%
Séoul
85%
Stockholm
85%
Bucarest
84%
Buenos Aires
84%
Canberra
84%
Tunis
84%
Monaco
83%
Vatican
83%
Andorre-la-Vieille
82%
Prague
82%
Zagreb
82%
Ankara
81%
Sofia
81%
Rabbat
80%
Minsk
79%
Reykjavik
78%
Jérusalem
77%
Lima
77%
Saint-Marin
77%
Dacca
76%
La Valette
76%
Riga
76%
Sarajevo
76%
Bogota
75%
Santiago
75%
Bangkok
74%
La Havane
74%
Pyongyang
74%
Jakarta
73%
Panama
73%
Vilnius
73%
Le Cap
72%
Tallin
72%
Tirana
72%
Belgrade
71%
Montevidéo
71%
Singapour
70%
Téhéran
70%
Bratislava
69%
Dakar
69%
Ljubljana
69%
Bagdad
68%
Abou Dabi
67%
Kaboul
67%
Riyad
67%
Sucre
67%
Beyrouth
66%
Caracas
66%
Doha
66%
Manille
66%
Oulan-Bator
66%
Vaduz
66%
Wellington
66%
Nicosie
65%
Quito
65%
Damas
64%
Hanoï
64%
Kinshasa
64%
Koweït
64%
Tripoli
64%
Brazzaville
63%
Djibouti
63%
Bamako
62%
Chisinau
62%
Guatemala
62%
Skopje
62%
Islamabad
61%
Kingston
61%
Kingstown
61%
Nairobi
61%
Pristina
61%
Taipei
61%
Kuala Lumpur
60%
Bakou
59%
Port-au-Prince
59%
Antananarivo
58%
Tbilissi
58%
Noursoultan
57%
Asuncion
56%
Erevan
56%
Katmandou
56%
Podgorica
56%
San Salvador
56%
Libreville
55%
Saint-Domingue
55%
Ouagadougou
54%
San José
53%
Sanaa
52%
Addis-Abeba
51%
Bissau
51%
Georgetown
51%
Phnom Penh
51%
Sao Tomé
51%
Yaoundé
51%
Amman
49%
Freetown
49%
Vientiane
48%
Accra
47%
Yamoussoukro
47%
Khartoum
46%
Malé
46%
Nassau
46%
Mascate
45%
Managua
44%
Bichkek
43%
Conakry
43%
Lomé
43%
Luanda
43%
Niamey
43%
Tachkent
43%
Tegucigalpa
43%
Nouakchott
42%
Paramaribo
42%
Port-Louis
42%
Mogadiscio
41%
Port-d'Espagne
41%
Abuja
40%
Belmopan
40%
Victoria
40%
Dili
39%
Kigali
39%
Manama
39%
N'djamena
39%
Douchanbé
38%
Maputo
38%
Achgabat
37%
Porto Novo
37%
Praia
37%
Windhoek
37%
Bangui
36%
Dodoma
36%
Naypyidaw
36%
Port-Moresby
36%
Thimphou
36%
Banjul
35%
Harare
35%
Roseau
35%
Asmara
34%
Mbabane
34%
Saint John's
34%
Djouba
33%
Gaborone
33%
Kampala
33%
Lusaka
33%
Moroni
33%
Saint George's
33%
Lilongwe
32%
Monrovia
32%
Bandar Seri Begawan
31%
Castries
31%
Sri Jayawardenapura Kotte
31%
Suva
31%
Basseterre
30%
Bridgetown
30%
Maseru
30%
Port-Vila
29%
Gitega
28%
Malabo
28%
Apia
25%
Funafuti
24%
Yaren
23%
Palikir
21%
Ngerulmud
19%
Nuku'alofa
19%
Honiara
18%
Tarawa
18%
Majuro
17%
Aucun quiz correspondant
Distribution des résultats
% des personnes avec chaque résultat
Percentile par nombre de réponses
Votre historique - résultats
Vous n’avez pas pris ce quiz